| 000 | 00390nam a2200157Ia 4500 | ||
|---|---|---|---|
| 008 | 221030s9999 xx 000 0 und d | ||
| 020 | _a8174939687 | ||
| 041 | _aEnglish | ||
| 082 |
_a105.23 _bAva |
||
| 100 | _aV. A. Avadhani | ||
| 245 | 0 | _aSecurities Analysis & Portfolio Management | |
| 260 |
_bHimalaya Pub House _aMumbai _c2001 |
||
| 300 | _a610 | ||
| 650 | _aManagement | ||
| 942 | _cBK | ||
| 999 |
_c1624 _d1624 |
||